New Perspectives on Construction in Developing Countries (Record no. 114681)
[ view plain ]
| 000 -LEADER | |
|---|---|
| fixed length control field | 01703cad a2200241 4500 |
| 001 - CONTROL NUMBER | |
| control field | L157258 |
| 008 - FIXED-LENGTH DATA ELEMENTS--GENERAL INFORMATION | |
| fixed length control field | 060613n2006 000 0 eng u |
| 020 ## - INTERNATIONAL STANDARD BOOK NUMBER | |
| International Standard Book Number | 9780203847343 |
| 035 ## - SYSTEM CONTROL NUMBER | |
| System control number | (Sirsi) u157258 |
| 041 ## - LANGUAGE CODE | |
| Language code of text/sound track or separate title | eng |
| 050 ## - LIBRARY OF CONGRESS CALL NUMBER | |
| Classification number | 692.5 $2 18 |
| 100 ## - MAIN ENTRY--PERSONAL NAME | |
| Personal name | Ofori, George |
| 245 ## - TITLE STATEMENT | |
| Title | New Perspectives on Construction in Developing Countries |
| Medium | [electronic resource] |
| 260 ## - PUBLICATION, DISTRIBUTION, ETC. | |
| Name of publisher, distributor, etc. | Routledge Ltd |
| Date of publication, distribution, etc. | 2011 |
| 300 ## - PHYSICAL DESCRIPTION | |
| Extent | eBook |
| 350 ## - PRICE (NR) (BK AM CF MU VM SE) [OBSOLETE] | |
| Price | 101.25 |
| 520 ## - SUMMARY, ETC. | |
| Summary, etc. | Developing countries face the challenge of maintaining economic growth and socio-economic development, at the core of which sits the construction industry. Considerable research on construction in developing countries took place in the 1970's and 1980's, but little since, a gap which this book fills. Including contributions from prominent academics and practitioners in Australia, China, the Netherlands, Portugal, Singapore, South Africa, Switzerland, and the UK, this is a truly international analysis of a subject of global interest. The most insightful and relevant of recent research on topics such as Millennium Development Goals, the informal construction sector, human resource development, technology, finance and social change, are all addressed in the context of the construction industry in the developing world. Also considered are other key aspects of construction industry development such as institution building, nurturing of contractors and consultants and championing of industry development programmes. |
| 650 24 - SUBJECT ADDED ENTRY--TOPICAL TERM | |
| Topical term or geographic name entry element | EBOOK |
| 651 #4 - SUBJECT ADDED ENTRY--GEOGRAPHIC NAME | |
| Geographic name | INTERNATIONAL |
| 690 ## - LOCAL SUBJECT ADDED ENTRY--TOPICAL TERM (OCLC, RLIN) | |
| Topical term or geographic name as entry element | BUILT ENVIRONMENT |
| 856 ## - ELECTRONIC LOCATION AND ACCESS | |
| Uniform Resource Identifier | <a href="https://www.vlebooks.com/">https://www.vlebooks.com/</a> |
| Public note | View on VLEbooks. Logins for members only from [email protected] |
| 942 ## - ADDED ENTRY ELEMENTS (KOHA) | |
| Suppress in OPAC | 0 |
| Withdrawn status | Lost status | Source of classification or shelving scheme | Damaged status | Not for loan | Home library | Current library | Shelving location | Date acquired | Total Checkouts | Full call number | Barcode | Date last seen | Copy number | Price effective from | Koha item type |
|---|---|---|---|---|---|---|---|---|---|---|---|---|---|---|---|
| Dewey Decimal Classification | Virtual | Virtual | Books | 08/10/2012 | EBOOK | 157258-2001 | 06/08/2019 | 1 | 06/08/2019 | Book |